<?xml version="1.0" encoding="UTF-8"?>
<record
    xmlns:xsi="http://www.w3.org/2001/XMLSchema-instance"
    xsi:schemaLocation="http://www.loc.gov/MARC21/slim http://www.loc.gov/standards/marcxml/schema/MARC21slim.xsd"
    xmlns="http://www.loc.gov/MARC21/slim">

  <leader>00925nam a22002417a 4500</leader>
  <datafield tag="999" ind1=" " ind2=" ">
    <subfield code="c">165924</subfield>
    <subfield code="d">165924</subfield>
  </datafield>
  <controlfield tag="005">20190705122244.0</controlfield>
  <datafield tag="010" ind1=" " ind2=" ">
    <subfield code="a">B-97842</subfield>
  </datafield>
  <datafield tag="020" ind1=" " ind2=" ">
    <subfield code="a">8182230314</subfield>
    <subfield code="c">350.00</subfield>
  </datafield>
  <datafield tag="035" ind1=" " ind2=" ">
    <subfield code="a">B-97842</subfield>
  </datafield>
  <datafield tag="037" ind1=" " ind2=" ">
    <subfield code="b">BPPD/Ven.</subfield>
    <subfield code="a">dpl</subfield>
  </datafield>
  <datafield tag="082" ind1=" " ind2=" ">
    <subfield code="a">921</subfield>
    <subfield code="2">2004</subfield>
  </datafield>
  <datafield tag="100" ind1=" " ind2=" ">
    <subfield code="a">&#x642;&#x631; &#x64A;&#x634;&#x6CC; &#x645;&#x62D;&#x645;&#x62F; &#x641;&#x627; &#x631; &#x648; &#x642; </subfield>
  </datafield>
  <datafield tag="245" ind1=" " ind2=" ">
    <subfield code="a">&#x645;&#x648; &#x644;&#x627; &#x646;&#x627; &#x627; &#x628;&#x648; &#x627; &#x644;&#x6A9;&#x644;&#x627; &#x645; &#x622; &#x632; &#x627; &#x62F; &#x627; &#x648; &#x631; &#x642;&#x648; &#x645; &#x67E;&#x631; &#x633;&#x62A; &#x645;&#x633;&#x644;&#x645;&#x627; &#x646;&#x648; &#x6BA; &#x6A9;&#x6CC; &#x633;&#x64A;&#x627; &#x633;&#x62A;  </subfield>
    <subfield code="c">&#x642;&#x631; &#x64A;&#x634;&#x6CC; &#x645;&#x62D;&#x645;&#x62F; &#x641;&#x627; &#x631; &#x648; &#x642; </subfield>
    <subfield code="h">Urdu</subfield>
  </datafield>
  <datafield tag="246" ind1=" " ind2=" ">
    <subfield code="a">&#x200F;Moulana Abulkalam Azad Aur Quam Parast Musalmano ki Siyasat(Urdu)</subfield>
    <subfield code="b">by Mohd.Farooq Qureshi</subfield>
  </datafield>
  <datafield tag="250" ind1=" " ind2=" ">
    <subfield code="a">2004 &#x621;</subfield>
  </datafield>
  <datafield tag="260" ind1=" " ind2=" ">
    <subfield code="a">Delhi </subfield>
    <subfield code="b">Educational Publishing House</subfield>
  </datafield>
  <datafield tag="270" ind1=" " ind2=" ">
    <subfield code="a">3108,Vakil Street Kucha Pandit,Lal kuan </subfield>
  </datafield>
  <datafield tag="300" ind1=" " ind2=" ">
    <subfield code="a">656&#x635;</subfield>
    <subfield code="c">22cm(Hbk)</subfield>
  </datafield>
  <datafield tag="490" ind1=" " ind2=" ">
    <subfield code="a">Jaico illustrated classics series</subfield>
  </datafield>
  <datafield tag="942" ind1=" " ind2=" ">
    <subfield code="2">ddc</subfield>
    <subfield code="c">UR</subfield>
    <subfield code="m">&#x627; &#x628; &#x648; </subfield>
    <subfield code="h">921</subfield>
  </datafield>
  <datafield tag="952" ind1=" " ind2=" ">
    <subfield code="0">0</subfield>
    <subfield code="1">0</subfield>
    <subfield code="4">0</subfield>
    <subfield code="7">-1</subfield>
    <subfield code="8">NFIC</subfield>
    <subfield code="a">L</subfield>
    <subfield code="b">L</subfield>
    <subfield code="d">2019-07-05</subfield>
    <subfield code="e">BPPD/Ven.</subfield>
    <subfield code="g">350.00</subfield>
    <subfield code="l">0</subfield>
    <subfield code="o">921 &#x627; &#x628; &#x648;</subfield>
    <subfield code="p">B-97842</subfield>
    <subfield code="r">2019-07-05 00:00:00</subfield>
    <subfield code="t">1</subfield>
    <subfield code="v">350.00</subfield>
    <subfield code="w">2019-07-05</subfield>
    <subfield code="y">UR</subfield>
  </datafield>
</record>
